Sports Quiz

Random Sports or Football Quiz

Sparty, No! Quiz Stats

Quiz not verified by Sporcle

Also try: Gimme Five: Sports
Challenge
Share
Tweet
Embed
Score 0/31 Timer 05:00
1 Play Today
'Sparty, No!' Moment Team % Correct
After Sparty stops Montee Ball on 3rd down, Isaiah Lewis runs into punter Brad Nortman, clinching the loss for MSUWisconsin
94.3%
Taylor Martinez connects with Jamal Turner with 0:06 left after a horrible PI call on Darqueze Dennard. LeVeon Bell makes an ass of himself on Twitter after the gameNebraska
93.4%
Brendan Gibbons hits a 38-yard FG with 0:05 left after being set up by a 20-yard pass to Drew DileoMichigan
84.5%
With 0:02 left, Ricky Stanzi throws a TD pass to Marvin McNutt, four plays after defensive holding nullified an MSU INTIowa
83%
Chad Henne overcomes a 10 point 4th quarter deficit with 2 TD passes in the final 6:47Michigan
81.4%
Sparty overcomes two Richard Lagow 4th Q TDs to tie the game, but a personal foul on Drake Martinez gives Griffin Oakes a second change to hit the game-winning FGIndiana
74.8%
Two defensive PI calls set up Jeff George Jr.'s winning TD pass to Sam Mays with 1:35 leftIllinois
73.6%
After recovering his own fumble in 3OT, Brian Lewerke chucks it into double coverage, where it gets picked off by Nate HallNorthwestern
72%
Big Ten refs rule Jermaine Edmonson pushed Brandon Reilly out-of-bounds and thus Reilly could legally catch the game-winning 23-yard TDNebraska
71%
Up 27-10 with 6:30 to go, MSU gives up 3 TD passes to Braylon Edwards, including the winner in 3OTMichigan
69%
After missing a chance to kick a FG before halftime, Sparty gives up a last-minute TD to Mark Weisman and then throws a game-losing INT in 3OTIowa
64%
Backup Kyle Orton's only pass is a game-winning 40-yard TD to John Standeford with 3:18 leftPurdue
61.6%
Stanton is sacked 4 times in the last 5 minutes after MSU falls behind on a Santonio Holmes TDOhio State
60.7%
John Goss misses a 37-yard FG in OT; Garrett Rivas responds with the winning kickMichigan
53.3%
Jim Sorgi hits Lee Evans for a 45-yard TD with 29 seconds left in his first collegiate gameWisconsin
47.6%
A Jeff Smoker INT at 1:26 cuts short any chance for an MSU comeback following TDs by Tellis Redmon and Marion BarberMinnesota
46.7%
'Sparty, No!' Moment Team % Correct
Chad Owens's 4th TD catch from Timmy Chang puts the game away with 3:43 leftHawai'i
43.7%
Maybe if Riley Bullough hadn't gotten himself ejected after 3 PFs in the first quarter, Sparty could have stopped Kenny Goins and Levern Jacobs from scoring two 4th quarter TDsMaryland
43.1%
Larry Caper drops TD pass in end zone; Kyle McCarthy intercepts Kirk Cousins on next playNotre Dame
36.2%
Arnaz Battle turns a short crossing pass into a 60-yard TD with 1:19 leftNotre Dame
34%
Andrew Aguila kicks a game-winning FG after an MSU offsides gives him a second chanceCentral Michigan
31.9%
Sparty fights with the visitors when they try and plant a flag at midfield after winning on a Jason Reda FGIllinois
23.3%
Brett Swenson misses a game-tying FG with 3:23 remaining; Taylor Mehlhaff's made FG is MSU's margin of defeatWisconsin
22.1%
Terrail Lambert's pick-six with 2:53 left caps off a comeback from a 17-point halftime deficitNotre Dame
20.1%
Brian Hoyer throws a 6 yard route to Devin Thomas on 4th & 13 in 2OT (Drew Gardner makes the tackle)Iowa
19%
Brian Hoyer throws 4 incompletions in OT after Omar Conteh's TD catch put MSU down 7Northwestern
16.6%
Luke McCown throws 2 TD passes in the final 1:09, erasing a 19-7 MSU leadLouisiana Tech
13.2%
Jon Beutjer's 43-yard TD pass with 2:47 left broke his team's 13 game losing streak. Beutjer later transferred to Illinois.Iowa
12%
John Schweighardt's 54-yard catch with :08 remaining sets up the game-winning FG after an MSU extra point is blockedNorthwestern
10.8%
Deryck Toles stops Charles Rogers short on 4th-and-7 after MSU blows a 31-14 first half leadPenn State
9.8%
A Drew Stanton INT with 6:23 left sets up Casey Welch's game-winning FGPurdue
9.7%

You're not logged in!

Compare scores with friends on all Sporcle quizzes.
Join for Free
OR
Log In

You Might Also Like...

Show Comments

Extras

Top Quizzes Today


Score Distribution

Your Account Isn't Verified!

In order to create a playlist on Sporcle, you need to verify the email address you used during registration. Go to your Sporcle Settings to finish the process.

Report this User

Report this user for behavior that violates our Community Guidelines.

Details: